"Безмерно благодарен родному Политеху"; Томский политехник; Вып. 10

Dettagli Bibliografici
Parent link:Томский политехник: ежегодный журнал/ Томский политехнический университет (ТПУ), Ассоциация выпускников.— , 1995-
Вып. 10.— 2004.— [С. 146-147]
Autore principale: Рубцов Е. Л.
Riassunto:Аннотация на англ. яз.
Заглавие с титульного листа
Электронная версия печатной публикации
Lingua:russo
Pubblicazione: 2004
Serie:ТПУ - часть духовно-культурного пространства Томска
Soggetti:
Accesso online:Цветная версия без потери качества
Natura: Elettronico Capitolo di libro
KOHA link:https://koha.lib.tpu.ru/cgi-bin/koha/opac-detail.pl?biblionumber=198815

MARC

LEADER 00000nla2a2200000 4500
001 198815
005 20231031184105.0
035 |a (RuTPU)RU\TPU\book\216828 
035 |a RU\TPU\book\216821 
090 |a 198815 
100 |a 20110708d2004 km y0rusy50 ca 
101 0 |a rus  |d eng 
102 |a RU 
135 |a drnn ---uucaa 
181 0 |a i  
182 0 |a b 
200 1 |a "Безмерно благодарен родному Политеху"  |b Электронный ресурс  |f Е. Л. Рубцов 
203 |a Текст  |c электронный 
215 |a 1 файл (24 Мб) 
225 1 |a ТПУ - часть духовно-культурного пространства Томска 
230 |a Электронные текстовые данные (1 файл : 24 Мб) 
300 |a Аннотация на англ. яз. 
300 |a Заглавие с титульного листа 
300 |a Электронная версия печатной публикации 
337 |a Adobe Reader 
461 1 |0 (RuTPU)RU\TPU\book\202435  |t Томский политехник  |o ежегодный журнал  |f Томский политехнический университет (ТПУ), Ассоциация выпускников  |d 1995- 
463 1 |0 (RuTPU)RU\TPU\book\216680  |t Вып. 10  |v [С. 146-147]  |d 2004  |p 199 с. 
610 1 |a политехники 
610 1 |a генеральные директора 
610 1 |a выпускники ТПУ 
610 1 |a электронный ресурс 
700 1 |a Рубцов  |b Е. Л. 
801 1 |a RU  |b 63413507  |c 20101101 
801 2 |a RU  |b 63413507  |c 20111109  |g RCR 
856 4 |u http://www.lib.tpu.ru/fulltext/v/Tomsk_polytechnic/2004/N10a45.pdf  |z Цветная версия без потери качества 
942 |c CF